Music Quiz

Random Music or The Beatles Quiz

Beatles on tour Quiz Stats

 Plays Quiz not verified by Sporcle

Score 0/16 Timer 04:00
0 Plays Today
Date of first performance Country % Correct
Feb. 9, 1964United States
96.8%
August 12, 1960Germany
94.9%
c. 1960United Kingdom
94.1%
Jan 15, 1964France
89.2%
August 22, 1964Canada
88.5%
June 30, 1966Japan
87.5%
July 2, 1965Spain
82.6%
June 24, 1965Italy
82.4%
Date of first performance Country % Correct
Nov. 7, 1963Ireland
80.7%
June 12, 1964Australia
80.5%
Oct. 25, 1963Sweden
80%
June 10, 1964China (Hong Kong)
73.5%
June 6, 1964Netherlands
69.9%
June 4, 1964Denmark
69.6%
June 22, 1964New Zealand
67.9%
July 4, 1966Philippines
55%

You're not logged in!

Compare scores with friends on all Sporcle quizzes.
OR
Log In

Show Comments

Extras

Top Quizzes Today


Score Distribution

Your Account Isn't Verified!

In order to create a playlist on Sporcle, you need to verify the email address you used during registration. Go to your Sporcle Settings to finish the process.

Report this User

Report this user for behavior that violates our Community Guidelines.

Details: